| 000 | 00486nam a2200181Ia 4500 | ||
|---|---|---|---|
| 005 | 20250326141843.0 | ||
| 008 | 250326s9999 xx 000 0 und d | ||
| 037 | _aTextbook | ||
| 040 |
_aFMSL _beng _cFMSL |
||
| 041 |
_aeng _2eng |
||
| 084 |
_aX9W M9;1 _qFMSL |
||
| 100 | _aGupta L C | ||
| 245 | 0 |
_aCorporate books and nominee directors _cGupta L C |
|
| 260 |
_aDelhi _bDelhi, Oxford _c1989 |
||
| 300 | _axiv,162 | ||
| 942 |
_cTB _hX9W M9;1 |
||
| 999 |
_c1292291 _d1292291 |
||